000 00537nam a2200181 i 4500
001 49692
003 ES-MaACL
005 20230906162039.0
007 t|
008 030721s1964 sp ||||1| cat d
100 1 _aCoudreau, François.
_941224
245 1 2 _aL'infant davant el problema de la fe /
_cFrançois Coudreau ; traducció de Montserrat Marti.
250 _a[1ª ed.].
260 _aBarcelona :
_bEstela,
_c1964.
300 _a71 p. ;
_c19 cm.
700 1 _aMarti, Montserrat.
_977200
852 _aES-MaACL
_jC-25115
_bR.54065
999 _c49692
_d49692